| 000 | 00969nam a22002777a 4500 | ||
|---|---|---|---|
| 003 | OSt | ||
| 005 | 20260530115319.0 | ||
| 008 | 260508b |||||||| |||| 00| 0 eng d | ||
| 020 | _a3929638703 | ||
| 040 |
_aICI _bspa _cICI _erda |
||
| 041 | _aeng | ||
| 050 |
_aNK2195.E9 _bT73 2002 |
||
| 100 |
_aMorgan, Conway Lloyd. _934164 |
||
| 245 | 1 | 0 |
_aTrade fair design annual 2002/2003 / _cConway Lloyd Morgan. |
| 260 |
_aLudwigsburg, Germany : _bAV Edition, _c2002. |
||
| 300 |
_a240 páginas : _bilustraciones a color ; _c31 cm. |
||
| 500 | _aAnuario internacional de diseño de ferias y exposiciones comerciales. | ||
| 504 | _aIncluye referencias bibliográficas. | ||
| 650 | 4 |
_aFerias comerciales _xDiseño. _934165 |
|
| 650 | 4 |
_aExposiciones comerciales _xDiseño y construcción. _934166 |
|
| 650 | 4 |
_aDiseño de stands. _934167 |
|
| 650 | 4 | _aArquitectura efímera. | |
| 650 | 4 | _aDiseño comercial. | |
| 650 | 4 |
_aMercadotecnia visual. _934170 |
|
| 942 |
_2lcc _cBK _n1 |
||
| 999 |
_c13709 _d13709 |
||